TV Shows by 4 Characters Quiz Stats

 Plays Quiz Updated Dec 19, 2016

Support Sporcle.
Go Orange.
Score 0/12 Timer 02:00
16 Plays Today
% Correct
The Big Bang Theory
96.2%
Friends
96%
How I met your mother
94%
Breaking Bad
93.4%
Seinfeld
92.5%
The Walking Dead
91.6%
Game of Thrones
91.4%
Sherlock
91.3%
Parks and Recreation
88.7%
Arrested Development
87.5%
Lost
83.7%
Doctor Who
83.5%

You're not logged in!

Compare scores with friends on all Sporcle quizzes.
OR
Log In

From the Vault

Three of a Kind

by sproutcm

Don't worry, we're pretty sure this isn't a shell game.
Remove Ads.
Support Sporcle.
Get the best of Sporcle when you Go Orange. This ad-free experience offers more features, more stats, and more fun while also helping to support Sporcle. Thank you for becoming a member.

Show Comments

Extras

Top Quizzes Today


Score Distribution

Your Account Isn't Verified!

In order to create a playlist on Sporcle, you need to verify the email address you used during registration. Go to your Sporcle Settings to finish the process.

Report this User

Report this user for behavior that violates our Community Guidelines.

Details: